Religion and the law of church and state and the Supreme Court.

Bibliographic Details
Main Author: Kurland, Philip B.
Format: Book
Language:English
Published: Chicago : Aldine Pub. Co., [1962]
Subjects:

MARC

Tag First Indicator Second Indicator Subfields
LEADER 00000cam a22000001 4500
001 in00000063617
005 20151007083213.0
008 730220s1962 ilu b 00000 eng
010 |a  62017304  
035 |a (OCoLC)00418389 
035 |9 AAF9015AM 
040 |a DLC  |c DLC  |d UMK  |d OCL  |d TXA  |d UtOrBLW 
043 |a n-us--- 
049 |a TXAM  |c [475651] 
082 0 |a 322 
090 |a KF4865  |b .K8 
092 |a 322  |b K96r 
100 1 |a Kurland, Philip B. 
245 1 0 |a Religion and the law of church and state and the Supreme Court. 
264 1 |a Chicago :  |b Aldine Pub. Co.,  |c [1962] 
300 |a 127 pages ;  |c 24 cm. 
336 |a text  |b txt  |2 rdacontent 
337 |a unmediated  |b n  |2 rdamedia 
338 |a volume  |b nc  |2 rdacarrier 
504 |a Includes bibliography. 
650 0 |a Church and state  |z United States. 
999 |a MARS 
999 f f |s 19e3ba32-5cf0-39f9-bed2-401b2637c060  |i da22f3b6-0228-369b-82b6-0616f92fcc7e  |t 0 
952 f f |p ric  |a Texas A&M University  |b Rellis Campus  |c Joint Library Facility  |d Remote Storage  |t 0  |e KF4865 .K8  |h Library of Congress classification  |i unmediated -- volume  |m A14800663512 
998 f f |a KF4865 .K8  |t 0  |l Remote Storage